Sports Quiz

Random Sports or NFL Quiz

Where these players went to college? Quiz Stats

 Plays Quiz not verified by Sporcle

Challenge
Share
Tweet
Embed
Score 0/10 Timer 05:00
0 Plays Today
running back college % Correct
Adrian PetersonOklahoma
92%
LeGarrette BlountOregon
87.5%
Toby GerhartStanford
86.6%
Maurice Jones-DrewUCLA
79.5%
Ray RiceRutgers
79.5%
Arian FosterTennessee
71.4%
LeSean McCoyPittsburgh
69.6%
Chris JohnsonEast Carolina
67%
Peyton HillisArkansas
54.5%
Brian WestbrookVillanova
41.1%

You're not logged in!

Compare scores with friends on all Sporcle quizzes.
Join for Free
OR
Log In

You Might Also Like...

Show Comments

Extras

Top Quizzes Today


Score Distribution

Your Account Isn't Verified!

In order to create a playlist on Sporcle, you need to verify the email address you used during registration. Go to your Sporcle Settings to finish the process.

Report this User

Report this user for behavior that violates our Community Guidelines.

Details: